Universo Geografía general

Gardado en:
Detalles Bibliográficos
Autor Principal: Wagner, Julius
Outros autores: Bosque, Joaquín, Vives, Vicents
Formato: Libro
Idioma:Lingua castelá
Publicado: Barcelona. Vicents Vives. 1968.
Edición:9ª ed.
Subjects:
Tags: Engadir etiqueta
Sen Etiquetas, Sexa o primeiro en etiquetar este rexistro!

MARC

LEADER 00000nam a22000005a 4500
001 17993
003 CL-ChBUA
005 20120815103649.0
008 070301s1968 sp 000 0 spa
040 |a CL-ChBUA  |c CL-ChBUA 
082 0 0 |a 910 
090 |c 17993  |d 17993 
100 1 |a Wagner, Julius. 
245 1 0 |a Universo Geografía general 
250 |a 9ª ed. 
260 |b Vicents Vives.  |a Barcelona.  |c 1968. 
300 |a 456 p.  |c 20 cm. 
650 4 |a GEOGRAFIA - MANUALES. 
700 1 |a Bosque, Joaquín. 
700 1 |a Vives, Vicents. 
942 |c LIB 
952 |0 0  |1 0  |4 0  |7 0  |9 24864  |a UNACH  |b UNACH  |c 900  |d 2007-03-05  |i 8.739.  |l 0  |o 910 / W 133.  |p 25863  |r 2016-04-08 00:00:00  |u 24864  |w 2012-08-08  |y LIB  |k 910 / W 133. 
999 |c 17993  |d 17993